<?xml version="1.0" encoding="UTF-8"?>
<record
    xmlns:xsi="http://www.w3.org/2001/XMLSchema-instance"
    xsi:schemaLocation="http://www.loc.gov/MARC21/slim http://www.loc.gov/standards/marcxml/schema/MARC21slim.xsd"
    xmlns="http://www.loc.gov/MARC21/slim">

  <leader>03445nam a22002537a 4500</leader>
  <controlfield tag="003">OSt</controlfield>
  <controlfield tag="005">20180117171128.0</controlfield>
  <controlfield tag="008">180117s2017    sp ||||fsm||||0|| 0 spa|d</controlfield>
  <datafield tag="020" ind1=" " ind2=" ">
    <subfield code="a">9788449077746</subfield>
  </datafield>
  <datafield tag="040" ind1=" " ind2=" ">
    <subfield code="a">ES-BaCBU</subfield>
    <subfield code="b">cat</subfield>
    <subfield code="c">CDMR</subfield>
  </datafield>
  <datafield tag="100" ind1="1" ind2=" ">
    <subfield code="a">Jaraba Molina, Gabriel,</subfield>
  </datafield>
  <datafield tag="245" ind1="1" ind2="0">
    <subfield code="a">De qu&#xE9; conversan los periodistas espa&#xF1;oles en Twitter</subfield>
  </datafield>
  <datafield tag="260" ind1=" " ind2=" ">
    <subfield code="a">[Barcelona] :</subfield>
    <subfield code="b">Universitat Aut&#xF2;noma de Barcelona,</subfield>
    <subfield code="c">2017</subfield>
  </datafield>
  <datafield tag="300" ind1=" " ind2=" ">
    <subfield code="a">1 recurs en l&#xED;nia (272 p&#xE0;gines)</subfield>
  </datafield>
  <datafield tag="502" ind1=" " ind2=" ">
    <subfield code="g">Tesi</subfield>
    <subfield code="b">Doctorat</subfield>
    <subfield code="c">Universitat Aut&#xF2;noma de Barcelona. Departament de Periodisme i Ci&#xE8;ncies de la Comunicaci&#xF3;</subfield>
    <subfield code="d">2017</subfield>
  </datafield>
  <datafield tag="520" ind1=" " ind2=" ">
    <subfield code="a">Esta tesis doctoral es una investigaci&#xF3;n cuantitativa y cualitativa, descriptiva y anal&#xED;tica,  basada en el m&#xE9;todo de an&#xE1;lisis de contenido, que tiene por objeto de estudio el contenido que los periodistas profesionales espa&#xF1;oles difunden en Twitter. El prop&#xF3;sito del estudio es describir ese contenido, analizarlo e inferir de ello determinadas tendencias. Se pretende hallar en tales tendencias indicaciones  relativas a la consideraci&#xF3;n del papel de Twitter por parte de los periodistas en el proceso de cambio general que experimenta el periodismo en el marco de la Red. Ello podr&#xED;a ayudar a advertir indicios de actividad innovadora en la Red por parte de los autores de los tuits que forman el corpus de la investigaci&#xF3;n. En la investigaci&#xF3;n se utiliza el m&#xE9;todo de an&#xE1;lisis de contenido desarrollado por Berelson, Holsti y Krippendorff introduciendo algunas adaptaciones metodol&#xF3;gicas y t&#xE9;cnicas al aplicarlo a un objeto de estudio que se da en una determinaci&#xF3;n tecnol&#xF3;gica muy distinta a la usual en el momento que fue creado aquel m&#xE9;todo: las redes sociales de internet. Por ello, la tesis pretende aportar algunas innovaciones metodol&#xF3;gicas al respecto que puedan ajustar las metodolog&#xED;as establecidas en el estudio de los medios de comunicaci&#xF3;n de masas a las nuevas y cambiantes realidades que presentan las redes sociales de internet en el contexto y evoluci&#xF3;n de la Web 2.0. La hip&#xF3;tesis principal propone que los periodistas espa&#xF1;oles publican en Twitter contenido de distinta naturaleza seg&#xFA;n trabajen en medios masivos o en cibermedios. La diferencia denota distintos posicionamientos respecto al papel de Internet en las tareas period&#xED;sticas. Tales tendencias implican prioridades distintas en el abordaje de la actualidad, as&#xED; como determinadas concepciones de la profesi&#xF3;n y la Red.  El trabajo de campo alcanza el an&#xE1;lisis de 3.500 tuits y 350 portadas de peri&#xF3;dicos, que corresponden, los primeros, a dos muestras formadas por 20 cuentas de Twitter de otros tantos periodistas, y las segundas, a una muestra compuesta de cinco diarios de referencia publicados en Barcelona y Madrid. El seguimiento de las muestras ha sido realizado durante siete d&#xED;as, no consecutivos y en semanas escalonadas, lo que supone un contexto de actualidad comprendido en el marco temporal de siete semanas.  Las conclusiones de la tesis apuntan a la relaci&#xF3;n entre el periodismo espa&#xF1;ol de ahora y las expectativas de innovaci&#xF3;n del mismo en los nuevos escenarios de la Red.</subfield>
  </datafield>
  <datafield tag="650" ind1="0" ind2="4">
    <subfield code="9">3128</subfield>
    <subfield code="a">Xarxes socials en l&#xED;nia</subfield>
  </datafield>
  <datafield tag="650" ind1="0" ind2="4">
    <subfield code="9">2272</subfield>
    <subfield code="a">Periodisme</subfield>
    <subfield code="x">Innovacions tecnol&#xF2;giques</subfield>
  </datafield>
  <datafield tag="650" ind1="0" ind2="4">
    <subfield code="9">3076</subfield>
    <subfield code="a">Periodisme digital</subfield>
  </datafield>
  <datafield tag="655" ind1=" " ind2="4">
    <subfield code="a">Tesis i dissertacions electr&#xF2;niques</subfield>
  </datafield>
  <datafield tag="700" ind1="1" ind2=" ">
    <subfield code="a">Tejedor, Santiago,</subfield>
  </datafield>
  <datafield tag="856" ind1="4" ind2="0">
    <subfield code="z">Acc&#xE9;s en l&#xED;nia</subfield>
    <subfield code="u">http://www.tdx.cat/handle/10803/458680</subfield>
  </datafield>
  <datafield tag="942" ind1=" " ind2=" ">
    <subfield code="c">TSN-E</subfield>
    <subfield code="2">udc</subfield>
  </datafield>
  <datafield tag="999" ind1=" " ind2=" ">
    <subfield code="c">7106</subfield>
    <subfield code="d">7106</subfield>
  </datafield>
  <datafield tag="952" ind1=" " ind2=" ">
    <subfield code="0">0</subfield>
    <subfield code="1">0</subfield>
    <subfield code="4">0</subfield>
    <subfield code="7">0</subfield>
    <subfield code="a">CDMR</subfield>
    <subfield code="b">CDMR</subfield>
    <subfield code="d">2018-01-17</subfield>
    <subfield code="e">Donaci&#xF3;</subfield>
    <subfield code="l">0</subfield>
    <subfield code="r">2018-01-17</subfield>
    <subfield code="w">2018-01-17</subfield>
    <subfield code="y">TSN-E</subfield>
  </datafield>
</record>
